• 首页
  • 本馆介绍
  • 公告通知
  • 最新文献
  • 馆藏检索
  • 电子资源
  • 读者导购
  • 参考咨询
  • 我的图书馆
  • 登录
  • 详细信息显示
  • 放入我的书架
  • 预约/预借图书
  • 作者相关作品
  • 分类相关作品
  • 丛书相关作品
  • 出版社相关作品

书目信息

  • 表格格式
  • 工作单格式
  • 卡片格式
题名:
地理学习用表
    
 
作者: 王治珍 著
分册:  
出版信息: 上海   上海教育出版社  1984
页数: 120页
开本: 19cm
丛书名:
单 册:
中图分类: G634.55 , G633.55
科图分类:
主题词: 地理--中学--教学参考资料 , 教育--各级
电子资源:
ISBN:
000 00688nam0 2200265 45
001 0184004837
005 20040505080249.6
010    @dCNY0.37
091    @a7150.3149
100    @a19950603d1984 em y0chiy0121 ea
101 0  @achi
102    @aCN@b310000
105    @ak z 000yy
106    @ar
200 10 @a地理学习用表@Adi li xue xi yong biao@f王治珍著
210    @a上海@c上海教育出版社@d1984
215    @a120页@d19cm
606    @a地理@x中学@x教学参考资料
606 0  @a教育@x各级
690    @aG634.55@v3
690    @aG633.55@v3
701  0 @a王治珍@Awang zhi zhen@4著
801  0 @aCN@b上海图书馆@c20040430
801  2 @aCN@bNLC@c20040430
905    @dG633.55@e63@f1@b157501
    
    地理学习用表/王治珍著.-上海:上海教育出版社,1984
    120页;19cm
    
    
    ISBN :CNY0.37
    
●
相关链接 在E读中查询图书 在五车中查询图书 在当当中查询图书 在豆瓣中查询图书


正题名:地理学习用表     索取号:G633.55/63         预约/预借

序号 登录号 条形码 馆藏地/架位号 状态 备注
1 0157498   000605535   密集书库/ [索取号:G633.55/63] 在馆    
2 0157499   000605492   密集书库/ [索取号:G633.55/63] 在馆    
3 0157500   000605553   密集书库/ [索取号:G633.55/63] 在馆    
4 0157501   000605544   第一样本阅览室/ [索取号:G633.55/63] 在馆    
5 0157502   000605562   密集书库/ [索取号:G633.55/63] 在馆    
唐山师范学院图书馆 欢迎您!
大连网信软件有限公司© 版权所有